00503nam a2200157Ia 4500008004100000041001200041082001100053100001900064245006700083260000600150650000600156700001900162942000700181999001700188952014000205221030s9999 xx 000 0 und d aEnglish a105.23 aS.s. Sabharwal 0aApplied Mathematics Vol. Icby S.s. Sabharwal , P. K. Aggarwal c0 aB aP. K. Aggarwal cBK c11675d11675 pB 271l0o105.23 r2022-10-30 00:00:00w2022-10-30yBK003Print4070aMIETLIBbMIETLIBcBL-, FL-, CUP-0, SH-0, R-0d2012-06-1110HBE